| 000 | 00535nam a22001937a 4500 | ||
|---|---|---|---|
| 005 | 20251108165908.0 | ||
| 008 | 250721s1985 xx 000 0 ara d | ||
| 082 | 1 | 4 | _aط/598.12/هوك |
| 100 | 1 | _aهوك، جون | |
| 245 | 1 | 0 | _aالثعابين / |
| 250 | _aط3 | ||
| 264 | 1 |
_aالقاهره : _bدار المعارف، _c1985. |
|
| 300 | _a66ص؛مص | ||
| 490 | 0 | _aكتابك الأول عن ؛3 | |
| 650 | 1 | 7 | _aالثعابين |
| 700 | 1 |
_aكامل، عبد الحليم _eترجمة |
|
| 942 |
_2ddc _cBK |
||
| 999 |
_c34174 _d34174 |
||